Normale Ansicht MARC-Ansicht ISBD

Luxuskarossen im Visier. (Titelsatznr. 370928)

[ MARC ]
MARC-Details
000 -Satzkennung
Kontrollfeld mit fester Länge 00876nam a22002057a 4500
008 - Feld mit fester Länge zur physischen Beschreibung - Allgemeine Angaben
Kontrollfeld mit fester Länge 201130b ||||| |||| 00| 0 eng d
040 ## - Katalogisierungsquelle
Katalogisierungssprache ger
Übertragungsstelle DE-2950
Beschreibungsfestlegungen rda
Original-Katalogisierungsstelle DE-2950
041 ## - Sprachcode
Sprachcode des Textes/der Tonspur oder des separaten Titels ger
100 ## - Person oder Familie als 1. geistiger Schöpfer
Personenname Schröder Dietrich:
245 ## - Titel
Haupttitel Luxuskarossen im Visier.
Titelzusatz Landgericht: Sie hatten sich eine Basis in Polen geschaffen, von der aus ihre Raubzüge nach Brandenburg und Berlin begannen. Jetzt wird Mitgliedern einer belarussischen Bande von Autodieben in Frankfurt (Oder) der Prozess gemacht./
Verantwortlichkeitsangabe Schröder Dietrich
264 ## - Veröffentlichungsangabe, Vertriebsangabe, Herstellungsangabe
Erscheinungs-, Vertriebs-, Herstellungsdatum 2021
653 ## - Lokales Schlagwort
Nicht-normierter Term Frankfurt (Oder)
653 ## - Lokales Schlagwort
Nicht-normierter Term Landgericht
653 ## - Lokales Schlagwort
Nicht-normierter Term Autodiebstahl
773 ## - Übergeordnete Einheit
Ort, Verlag und Erscheinungsjahr Frankfurt (Oder): Märkisches Verlags- und Druckhaus GmbH & Co KG
Verknüpfungsangaben 32. Jahrgang (2021) Nr. 236 vom 09.10/10.10.2021, S. 9
Titel Märkische Oderzeitung
942 ## - Zusätzliche Felder (Koha)
Koha-Medientyp Aufsätze
Exemplare
Ausgeschieden Verloren Beschädigt Nicht entleihbar Permanenter Standort Aktueller Standort Aufstellungsort Eingabedatum Anzahl Ausleihen Signatur Letzte Aktivität Preis gültig von Medientyp
        Stadtarchiv Frankfurt (Oder) | Archivbibliothek Stadtarchiv Frankfurt (Oder) | Archivbibliothek Magazin 11/10/2021   Z2 11/10/2021 11/10/2021 Aufsätze